000 01113nam a2200337 4500
001 178023
003 ES-MaACL
005 20260507180740.0
008 110512s2010 sp |||| | spa d
017 _aB.1680-2010
020 _a9788433963031
080 _a008(44)"17"
080 _a1(44)"17"
100 _aOnfray, Michel,
_d1959-
_9239234
245 1 4 _aLos ultras de las Luces
_b: contrahistoria de la filosofía, IV /
_cMichel Onfray ; traducción de Marco Aurelio Galmarini.
250 _a1ª ed.
260 _aBarcelona :
_bAnagrama,
_c2010.
300 _a340 p. ;
_c22 cm.
490 1 _aColección Argumentos ;
_v405
500 _aÍndice analítico.
500 _aCronología.
504 _aBibliografía: p. 307-319.
650 0 7 _aIlustración-
_zFrancia.
_913588
650 7 _aFilosofía-
_zFrancia.
_9146507
700 1 _aGalmarini, Marco Aurelio.
_953654
830 0 _aColección Argumentos ;
_v405
_9178071
852 _aES-MaACL
_9184882
_bR.145714
_jA-11162
_dOlim: N-4167
_cDEPO1
942 _2udc
_cMONOGRAFIA
999 _c178023
_d178023